Loading...

ഉഷ്ണരാശി: കരപ്പുറത്തിന്റെ ഇതിഹാസം

Bibliographic Details
Main Author: Mohankumar, K V
Format: Printed Book
Published: Thrissur Green books private limited 2016
Subjects:
LEADER 00860nam a22002057a 4500
003 OSt
020 |a 9788184234886 
082 |a 813.1  |b MOH/US 
100 |a Mohankumar, K V  
245 |a ഉഷ്ണരാശി:   |b കരപ്പുറത്തിന്റെ ഇതിഹാസം  
260 |a Thrissur   |b Green books private limited  |c 2016 
300 |a 439p. 
500 |a Ushnarasi: karappurathinte ithihasam 
534 |n 2015 
546 |a Malayalam 
650 |a Novel 
942 |2 ddc  |c BK 
999 |c 155944  |d 155944 
952 |0 0  |1 0  |2 ddc  |4 0  |6 813_100000000000000_MOHUS  |7 0  |8 Gen  |9 154992  |a KAUCLV  |b KAUCLV  |c GENERAL  |d 2017-07-03  |g 375.00  |l 3  |m 2  |o 813.1 MOH/US  |p 227330  |r 2020-05-13  |s 2020-02-14  |w 2017-07-03  |y BK 
952 |0 0  |1 0  |2 ddc  |4 0  |6 813_100000000000000_MOHUS  |7 0  |8 Gen  |9 156048  |a KAUCLV  |b KAUCLV  |c GENERAL  |d 2017-07-20  |g 475.00  |o 813.1 MOH/US  |p 225650  |r 2017-07-20  |w 2017-07-20  |y BK